<?xml version="1.0" encoding="UTF-8"?>
<record
    xmlns:xsi="http://www.w3.org/2001/XMLSchema-instance"
    xsi:schemaLocation="http://www.loc.gov/MARC21/slim http://www.loc.gov/standards/marcxml/schema/MARC21slim.xsd"
    xmlns="http://www.loc.gov/MARC21/slim">

  <leader>01842nam a2200289 a 4500</leader>
  <controlfield tag="001">84315</controlfield>
  <controlfield tag="003">BD-RjUL</controlfield>
  <controlfield tag="005">20241118112754.0</controlfield>
  <controlfield tag="008">241118s2023    bg a|||| m||| 00| 0 ben d</controlfield>
  <datafield tag="035" ind1=" " ind2=" ">
    <subfield code="a">(BD-RjUL)84315</subfield>
  </datafield>
  <datafield tag="040" ind1=" " ind2=" ">
    <subfield code="a">BD-RjUL</subfield>
    <subfield code="b">ben/eng</subfield>
    <subfield code="c">BD-RjUL</subfield>
    <subfield code="d">BD-RjUL</subfield>
  </datafield>
  <datafield tag="041" ind1=" " ind2=" ">
    <subfield code="a">ben</subfield>
  </datafield>
  <datafield tag="082" ind1=" " ind2=" ">
    <subfield code="a">791.437</subfield>
    <subfield code="2">23</subfield>
    <subfield code="b">AFR 2023</subfield>
  </datafield>
  <datafield tag="100" ind1=" " ind2=" ">
    <subfield code="a">&#x986;&#x9AB;&#x9B8;&#x9BE;&#x9A8;&#x9BE;, &#x995;&#x9BE;&#x99C;&#x9C0; &#x9B6;&#x9C1;&#x9B8;&#x9AE;&#x9BF;&#x9A8;</subfield>
    <subfield code="9">14297</subfield>
  </datafield>
  <datafield tag="245" ind1="1" ind2="0">
    <subfield code="a">&#x98B;&#x9A4;&#x9C1;&#x9AA;&#x9B0;&#x9CD;&#x9A3; &#x998;&#x9CB;&#x9B7;&#x9C7;&#x9B0; &#x99A;&#x9B2;&#x99A;&#x9CD;&#x99A;&#x9BF;&#x9A4;&#x9CD;&#x9B0; : </subfield>
    <subfield code="b">&#x986;&#x996;&#x9CD;&#x9AF;&#x9BE;&#x9A8;&#x9C7;&#x9B0; &#x9A8;&#x9BE;&#x9A8;&#x9CD;&#x9A6;&#x9A8;&#x9BF;&#x995; &#x9AE;&#x9C2;&#x9B2;&#x9CD;&#x9AF;&#x9BE;&#x9AF;&#x9BC;&#x9A8; /</subfield>
    <subfield code="c">&#x997;&#x9AC;&#x9C7;&#x9B7;&#x995; &#x995;&#x9BE;&#x99C;&#x9C0; &#x9B6;&#x9C1;&#x9B8;&#x9AE;&#x9BF;&#x9A8; &#x986;&#x9AB;&#x9B8;&#x9BE;&#x9A8;&#x9BE; ;</subfield>
    <subfield code="6">&#x997;&#x9AC;&#x9C7;&#x9B7;&#x9A3;&#x9BE; &#x9A4;&#x9A4;&#x9CD;&#x9A4;&#x9CD;&#x9AC;&#x9BE;&#x9AC;&#x9A7;&#x9BE;&#x9AF;&#x9BC;&#x995; : &#x9B6;&#x9BE;&#x9B9;&#x9B0;&#x9BF;&#x9AF;&#x9BC;&#x9BE;&#x9B0; &#x9B9;&#x9CB;&#x9B8;&#x9C7;&#x9A8;</subfield>
  </datafield>
  <datafield tag="246" ind1=" " ind2=" ">
    <subfield code="a">Films of Rituparno Ghosh :</subfield>
    <subfield code="b">Aesthetic Evaluation of Narratives /</subfield>
  </datafield>
  <datafield tag="260" ind1=" " ind2=" ">
    <subfield code="a">&#x9B0;&#x9BE;&#x99C;&#x9B6;&#x9BE;&#x9B9;&#x9C0; :</subfield>
    <subfield code="b">&#x9A8;&#x9BE;&#x99F;&#x9CD;&#x9AF;&#x995;&#x9B2;&#x9BE; &#x9AC;&#x9BF;&#x9AD;&#x9BE;&#x997;, &#x9B0;&#x9BE;&#x99C;&#x9B6;&#x9BE;&#x9B9;&#x9C0; &#x9AC;&#x9BF;&#x9B6;&#x9AC;&#x9AC;&#x9BF;&#x9A6;&#x9CD;&#x9AF;&#x9BE;&#x9AF;&#x9BC;,</subfield>
    <subfield code="c">&#x9E8;&#x9E6;&#x9E8;&#x9E9;</subfield>
  </datafield>
  <datafield tag="300" ind1=" " ind2=" ">
    <subfield code="a">[3], &#x9E8;&#x9ED;&#x9E8; &#x9AA;&#x9BE;&#x9A4;&#x9BE; :</subfield>
    <subfield code="b">&#x99A;&#x9BF;&#x9A4;&#x9CD;&#x9B0; ;</subfield>
    <subfield code="c">&#x9E8;&#x9EF; &#x9B8;&#x9C7;&#x9AE;&#x9BF;.</subfield>
  </datafield>
  <datafield tag="502" ind1=" " ind2=" ">
    <subfield code="a">&#x9A5;&#x9BF;&#x9B8;&#x9BF;&#x9B8; (&#x9AA;&#x9BF;&#x98F;&#x987;&#x99A;. &#x9A1;&#x9BF;.) -- &#x9A8;&#x9BE;&#x99F;&#x9CD;&#x9AF;&#x995;&#x9B2;&#x9BE; &#x9AC;&#x9BF;&#x9AD;&#x9BE;&#x997;, &#x9B0;&#x9BE;&#x99C;&#x9B6;&#x9BE;&#x9B9;&#x9C0; &#x9AC;&#x9BF;&#x9B6;&#x9AC;&#x9AC;&#x9BF;&#x9A6;&#x9CD;&#x9AF;&#x9BE;&#x9AF;&#x9BC;, &#x9E8;&#x9E6;&#x9E8;&#x9E9;</subfield>
  </datafield>
  <datafield tag="504" ind1=" " ind2=" ">
    <subfield code="a">&#x9B8;&#x9B9;&#x9BE;&#x9AF;&#x9BC;&#x995; &#x997;&#x9CD;&#x9B0;&#x9A8;&#x9CD;&#x9A5;&#x9AA;&#x99E;&#x9CD;&#x99C;&#x9BF; : &#x9AA;&#x9BE;&#x9A4;&#x9BE; &#x9E8;&#x9EC;&#x9EA;-&#x9E8;&#x9ED;&#x9E8;</subfield>
  </datafield>
  <datafield tag="600" ind1=" " ind2=" ">
    <subfield code="a">&#x98B;&#x9A4;&#x9C1;&#x9AA;&#x9B0;&#x9CD;&#x9A3; &#x998;&#x9CB;&#x9B7;</subfield>
    <subfield code="d">&#x99C;&#x9A8;&#x9CD;&#x9AE;: &#x9E9;&#x9E7; &#x986;&#x997;&#x9B8;&#x9CD;&#x99F;, &#x9E7;&#x9EF;&#x9EC;&#x9E9; / &#x9AE;&#x9BE;&#x9B0;&#x9BE; &#x997;&#x9C7;&#x99B;&#x9C7;&#x9A8;: &#x9E9;&#x9E6; &#x9AE;&#x9C7;, &#x9E8;&#x9E6;&#x9E7;&#x9E9;,</subfield>
    <subfield code="9">14298</subfield>
  </datafield>
  <datafield tag="600" ind1=" " ind2=" ">
    <subfield code="a">Rituparna Ghosh</subfield>
    <subfield code="d">Born: August 31, 1963 / Died: May 30, 2013</subfield>
    <subfield code="9">14299</subfield>
  </datafield>
  <datafield tag="650" ind1=" " ind2=" ">
    <subfield code="a">&#x9A8;&#x9BE;&#x99F;&#x995;</subfield>
    <subfield code="v">&#x99A;&#x9B2;&#x99A;&#x9CD;&#x99A;&#x9BF;&#x9A4;&#x9CD;&#x9B0;</subfield>
    <subfield code="9">14300</subfield>
  </datafield>
  <datafield tag="650" ind1=" " ind2=" ">
    <subfield code="a">Drama</subfield>
    <subfield code="v">Films</subfield>
    <subfield code="9">14301</subfield>
  </datafield>
  <datafield tag="700" ind1=" " ind2=" ">
    <subfield code="a">&#x9B9;&#x9CB;&#x9B8;&#x9C7;&#x9A8;, &#x9B6;&#x9BE;&#x9B9;&#x9B0;&#x9BF;&#x9AF;&#x9BC;&#x9BE;&#x9B0;, &#x997;&#x9AC;&#x9C7;&#x9B7;&#x9A3;&#x9BE; &#x9A4;&#x9A4;&#x9CD;&#x9A4;&#x9CD;&#x9AC;&#x9BE;&#x9AC;&#x9A7;&#x9BE;&#x9AF;&#x9BC;&#x995;</subfield>
    <subfield code="9">1755</subfield>
  </datafield>
  <datafield tag="942" ind1=" " ind2=" ">
    <subfield code="2">ddc</subfield>
    <subfield code="c">THE</subfield>
  </datafield>
  <datafield tag="999" ind1=" " ind2=" ">
    <subfield code="c">84315</subfield>
    <subfield code="d">84315</subfield>
  </datafield>
  <datafield tag="952" ind1=" " ind2=" ">
    <subfield code="1">0</subfield>
    <subfield code="2">ddc</subfield>
    <subfield code="4">0</subfield>
    <subfield code="7">1</subfield>
    <subfield code="8">THESES</subfield>
    <subfield code="a">RUCL</subfield>
    <subfield code="b">RUCL</subfield>
    <subfield code="c">Doc/The</subfield>
    <subfield code="d">2024-11-12</subfield>
    <subfield code="e">Controller of Exam. R.U.</subfield>
    <subfield code="l">0</subfield>
    <subfield code="o">BTHE 791.437 AFR 2023</subfield>
    <subfield code="p">D4991</subfield>
    <subfield code="r">2024-11-18 00:00:00</subfield>
    <subfield code="t">C-I</subfield>
    <subfield code="y">THE</subfield>
  </datafield>
</record>
